[Event "2LB1516, Unichess'B'-Bakov n/J"]
[Site "Praha"]
[Date "2016.03.13"]
[Round "9.8"]
[White "Joukl, Zdenek"]
[Black "Hadrava, Jaroslav"]
[Result "0-1"]
[BlackElo "1961"]
[WhiteElo "2122"]
[WhiteTeam "Bakov nad Jizerou"]
[BlackTeam "Unichess B"]
[LiveChessVersion "1.4.6"]

1. d4 {[%clk 1:30:51]} d6 {[%clk 1:30:47]} 2. Nf3 {[%clk 1:31:06]} c6
{[%clk 1:30:50]} 3. Bf4 {[%clk 1:30:50]} Bg4 {[%clk 1:30:41]} 4. Nbd2
{[%clk 1:30:40]} Qc7 {[%clk 1:30:09]} 5. h3 {[%clk 1:30:12]} Bh5 {[%clk 1:30:14]}
6. e3 {[%clk 1:23:32]} Nd7 {[%clk 1:20:47]} 7. Be2 {[%clk 1:20:23]} h6
{[%clk 1:14:15]} 8. a4 {[%clk 1:18:00]} Ngf6 {[%clk 0:31:31]} 9. Bh2
{[%clk 1:13:11]} Bg6 {[%clk 0:30:21]} 10. O-O {[%clk 1:11:38]} O-O-O
{[%clk 0:25:56]} 11. c4 {[%clk 1:10:25]} Ne4 {[%clk 0:24:13]} 12. Nxe4
{[%clk 1:07:36]} Bxe4 {[%clk 0:24:41]} 13. Nd2 {[%clk 1:06:43]} Bh7
{[%clk 0:24:57]} 14. b4 {[%clk 1:05:33]} e5 {[%clk 0:24:54]} 15. Qb3
{[%clk 1:00:36]} f5 {[%clk 0:24:23]} 16. a5 {[%clk 0:54:51]} g5 {[%clk 0:19:14]}
17. b5 {[%clk 0:42:59]} c5 {[%clk 0:16:18]} 18. d5 {[%clk 0:39:30]} Bg7
{[%clk 0:16:00]} 19. Rfb1 {[%clk 0:29:34]} Qb8 {[%clk 0:15:49]} 20. e4
{[%clk 0:23:32]} fxe4 {[%clk 0:13:07]} 21. Qe3 {[%clk 0:17:35]} Nf6
{[%clk 0:12:14]} 22. b6 {[%clk 0:16:53]} a6 {[%clk 0:11:03]} 23. Bd1
{[%clk 0:17:11]} Kd7 {[%clk 0:10:14]} 24. Bc2 {[%clk 0:15:27]} Rdf8
{[%clk 0:10:29]} 25. Nxe4 {[%clk 0:15:31]} Bxe4 {[%clk 0:10:39]} 26. Bxe4
{[%clk 0:15:50]} Nxe4 {[%clk 0:11:07]} 27. Qxe4 {[%clk 0:16:06]} Rf7
{[%clk 0:11:07]} 28. Qg4+ {[%clk 0:15:00]} Kd8 {[%clk 0:10:12]} 29. Qe6
{[%clk 0:13:47]} Rhf8 {[%clk 0:10:34]} 30. Bg3 {[%clk 0:12:52]} Rf6
{[%clk 0:10:17]} 31. Qg4 {[%clk 0:12:44]} Qc8 {[%clk 0:10:38]} 32. Ra3
{[%clk 0:11:24]} Qxg4 {[%clk 0:07:47]} 33. hxg4 {[%clk 0:11:47]} Kd7
{[%clk 0:08:11]} 34. Re3 {[%clk 0:10:41]} R6f7 {[%clk 0:07:55]} 35. Rbb3
{[%clk 0:09:56]} Rh8 {[%clk 0:08:17]} 36. Rf3 {[%clk 0:09:53]} Rhf8
{[%clk 0:08:35]} 37. Rxf7+ {[%clk 0:09:00]} Rxf7 {[%clk 0:09:04]} 38. Re3
{[%clk 0:07:10]} Rf8 {[%clk 0:09:20]} 39. Kf1 {[%clk 0:06:07]} Rf7
{[%clk 0:09:03]} 40. f3 {[%clk 0:03:45]} Bf6 {[%clk 0:08:08]} 41. Ke2
{[%clk 0:03:15]} Bg7 {[%clk 0:03:25]} 42. Kd3 {[%clk 0:00:31]} Bh8
{[%clk 0:00:37]} 43. Ke4 {[%clk 0:31:00]} Bg7 {[%clk 0:31:34]} 44. Re1
{[%clk 0:30:13]} Rf8 {[%clk 0:31:45]} 45. Rh1 {[%clk 0:29:34]} Rf7
{[%clk 0:32:08]} 46. Bh2 {[%clk 0:28:51]} Rf8 {[%clk 0:32:27]} 47. g3
{[%clk 0:28:30]} Rf7 {[%clk 0:30:42]} 48. Bg1 {[%clk 0:28:27]} Ke7
{[%clk 0:30:07]} 49. Be3 {[%clk 0:27:14]} Kd7 {[%clk 0:22:50]} 50. Bd2
{[%clk 0:25:55]} Ke7 {[%clk 0:11:06]} 51. f4 {[%clk 0:22:51]} exf4
{[%clk 0:09:11]} 52. gxf4 {[%clk 0:22:57]} gxf4 {[%clk 0:07:31]} 53. Bxf4
{[%clk 0:22:19]} Bc3 {[%clk 0:07:56]} 54. Rxh6 {[%clk 0:22:18]} Rxf4+
{[%clk 0:08:11]} 55. Kd3 {[%clk 0:19:29]} Bxa5 {[%clk 0:07:10]} 56. g5
{[%clk 0:18:23]} Rf7 {[%clk 0:04:53]} 57. Rh8 {[%clk 0:17:43]} Bxb6
{[%clk 0:03:18]} 58. Rb8 {[%clk 0:17:47]} Bd8 {[%clk 0:02:12]} 59. Ke4
{[%clk 0:13:34]} Ke8 {[%clk 0:01:40]} 60. g6 {[%clk 0:13:15]} Rf6
{[%clk 0:01:11]} 61. g7 {[%clk 0:13:16]} Rg6 {[%clk 0:01:30]} 62. Rxb7
{[%clk 0:13:13]} Be7 {[%clk 0:02:00]} 63. Ra7 {[%clk 0:11:11]} Rxg7
{[%clk 0:02:23]} 64. Rxa6 {[%clk 0:11:30]} Rg4+ {[%clk 0:02:46]} 65. Kd3
{[%clk 0:11:26]} Kf7 {[%clk 0:03:05]} 66. Ra7 {[%clk 0:10:46]} Kf6
{[%clk 0:02:56]} 67. Kc3 {[%clk 0:10:31]} Rg3+ {[%clk 0:03:08]} 68. Kc2
{[%clk 0:10:45]} Rg7 {[%clk 0:03:36]} 69. Kb3 {[%clk 0:10:39]} Ke5
{[%clk 0:03:16]} 70. Ra1 {[%clk 0:06:17]} Bf8 {[%clk 0:02:42]} 71. Re1+
{[%clk 0:06:08]} Kd4 {[%clk 0:03:06]} 72. Rd1+ {[%clk 0:06:19]} Ke3
{[%clk 0:03:02]} 73. Rf1 {[%clk 0:02:50]} Rb7+ {[%clk 0:02:57]} 74. Kc2
{[%clk 0:03:13]} Bg7 {[%clk 0:03:00]} 75. Rg1 {[%clk 0:02:50]} Be5
{[%clk 0:01:31]} 76. Rg4 {[%clk 0:02:22]} Rb2+ {[%clk 0:01:17]} 77. Kc1
{[%clk 0:02:20]} Rf2 0-1